| 000 -LEADER |
| fixed length control field |
01394 a2200301 4500 |
| 003 - CONTROL NUMBER IDENTIFIER |
| control field |
Nust |
| 005 - DATE AND TIME OF LATEST TRANSACTION |
| control field |
20170207154020.0 |
| 010 ## - LIBRARY OF CONGRESS CONTROL NUMBER |
| LC control number |
2005275143 |
| 020 ## - INTERNATIONAL STANDARD BOOK NUMBER |
| International Standard Book Number |
0750662786 (pbk.) |
| 035 ## - SYSTEM CONTROL NUMBER |
| System control number |
(OCoLC)ocm56640167 |
| 040 ## - CATALOGING SOURCE |
| Transcribing agency |
Nust |
| 082 04 - DEWEY DECIMAL CLASSIFICATION NUMBER |
| Classification number |
621.3'192 |
| 100 1# - MAIN ENTRY--PERSONAL NAME |
| Personal name |
Brown, Mark. |
| 245 10 - TITLE STATEMENT |
| Title |
Practical troubleshooting of electrical equipment and control circuits (E-Book) |
| Statement of responsibility, etc. |
Mark Brown, Jawahar Rawtani, Dinesh Patil. |
| 260 ## - PUBLICATION, DISTRIBUTION, ETC. |
| Place of publication, distribution, etc. |
Amsterdam ; |
| -- |
Boston : |
| Name of publisher, distributor, etc. |
Newnes, |
| Date of publication, distribution, etc. |
2005. |
| 300 ## - PHYSICAL DESCRIPTION |
| Extent |
vi, 238 p. : |
| Other physical details |
ill. ; |
| Dimensions |
26 cm. |
| 440 #0 - SERIES STATEMENT/ADDED ENTRY--TITLE |
| Title |
Practical professional books from Elsevier |
| 500 ## - GENERAL NOTE |
| General note |
Includes index. |
| 505 ## - FORMATTED CONTENTS NOTE |
| Formatted contents note |
Basic Principles (Page-1), Devices, Symbols and Circuits (Page-24), Basic Troubleshooting Principles (Page-42), Troubleshooting AC Motors and Starters (Page-68), Switches, Circuits Breakers and Switchboards (Page-112), Troubleshooting Variables Speed Drives (Page-121), Troubleshooting Control Circuits (Page-173), |
| 650 #0 - SUBJECT ADDED ENTRY--TOPICAL TERM |
| Topical term or geographic name entry element |
Electric machinery |
| General subdivision |
Maintenance and repair. |
| 650 #0 - SUBJECT ADDED ENTRY--TOPICAL TERM |
| Topical term or geographic name entry element |
Electrical engineering |
| General subdivision |
Materials |
| -- |
Testing. |
| 650 #0 - SUBJECT ADDED ENTRY--TOPICAL TERM |
| Topical term or geographic name entry element |
Telecommunication engineering. |
| 651 ## - SUBJECT ADDED ENTRY--GEOGRAPHIC NAME |
| Geographic name |
E-Book |
| 700 1# - ADDED ENTRY--PERSONAL NAME |
| Personal name |
Patil, Dinesh. |
| 700 1# - ADDED ENTRY--PERSONAL NAME |
| Personal name |
Rawtani, Jawahar. |
| 856 42 - ELECTRONIC LOCATION AND ACCESS |
| Materials specified |
Publisher description |
| Uniform Resource Identifier |
<a href="http://www.loc.gov/catdir/enhancements/fy0626/2005275143-d.html">http://www.loc.gov/catdir/enhancements/fy0626/2005275143-d.html</a> |
| 856 42 - ELECTRONIC LOCATION AND ACCESS |
| Materials specified |
Table of contents only |
| Uniform Resource Identifier |
<a href="http://www.loc.gov/catdir/enhancements/fy0626/2005275143-t.html">http://www.loc.gov/catdir/enhancements/fy0626/2005275143-t.html</a> |
| 942 ## - ADDED ENTRY ELEMENTS (KOHA) |
| Source of classification or shelving scheme |
|
| Koha item type |
Book |